000 01154nam a2200301 i 4500
003 EG-GICUC
005 20260121101531.0
008 251222s1997 ku ||||fr|||| 00| 0 ara d
040 _a EG-GICUC
_bara
_c EG-GICUC
_d EG-GICUC
_erda
041 0 _aara
082 0 4 _221
_a345.4510538
_bع ز . م
092 0 4 _221
099 _aLaw1 07 345.4510538 ع ز . م 1 ed - 1997
100 0 _aعزيزة الشريف
_eمؤلف.
245 1 0 _aمساءلة الموظف العام فى الكويت المسئولية المدنية والجنائية والإدارية /
_cعزيزة الشريف.
250 _aالطبعة الاولى
264 1 _aالكويت :
_bجامعة الكويت،
_c1997.
300 _a459 ؛ صفحة
_c24 سم.
336 _2rda content
_atext
337 _2rda media
_aComputer
338 _2rda carrier
_aOnline Resource
504 _aيحتوي على ارجاعات ببليوجرافية
546 _aالنص باللغة العربية
650 1 4 _aالسلطات التاديبية
_zالكويت
856 4 0 _uhttps://fll.law.cu.edu.eg/fulltext/bks/B07-01644.pdf
905 _a75
942 _2ddc
_cBK
_e21
_n0
999 _c52133
_d52133